Teoretické východiská daňovej politiky a ich aplikácia v praxi diplomová práca

Guardado en:
Detalles Bibliográficos
Autor principal: Varačka, Robert
Autor Corporativo: Národohospodárska fakulta EU. Katedra financií
Otros Autores: Schultzová, Anna
Formato: Libro
Lenguaje:eslovaco
Publicado: Bratislava 2017
Etiquetas: Agregar Etiqueta
Sin Etiquetas, Sea el primero en etiquetar este registro!

MARC

LEADER 00000nbm a2200000 4500
001 0231908
005 20171127151330.9
041 0 |a slo 
044 |a SK 
245 1 0 |a Teoretické východiská daňovej politiky a ich aplikácia v praxi  |b diplomová práca  |c Robert Varačka ; školiteľ: Anna Schultzová 
264 1 |a Bratislava  |c 2017 
300 |a 72 s. 
100 1 |a Varačka, Robert 
700 1 |a Schultzová, Anna 
710 2 |a Národohospodárska fakulta EU. Katedra financií